5HLuxD.jpg

KING HENRY VIII SENIOR AND PRIMARY SCHOOL LIBRARY OPAC

His Dark Materials : (Record no. 5735)

000 -LEADER
fixed length control field 00789nam a22001817a 4500
003 - CONTROL NUMBER IDENTIFIER
control field OSt
005 - DATE AND TIME OF LATEST TRANSACTION
control field 20251027145911.0
008 - FIXED-LENGTH DATA ELEMENTS--GENERAL INFORMATION
fixed length control field 251027b ||||| |||| 00| 0 eng d
020 ## - INTERNATIONAL STANDARD BOOK NUMBER
International Standard Book Number 9781407186108
040 ## - CATALOGING SOURCE
Transcribing agency KH8
082 ## - DEWEY DECIMAL CLASSIFICATION NUMBER
Classification number FIC PUL
100 ## - MAIN ENTRY--PERSONAL NAME
Personal name Pullman, Philip,
Relator term author.
245 ## - TITLE STATEMENT
Title His Dark Materials :
Remainder of title Northern Lights /
Statement of responsibility, etc. Philip Pullman.
260 ## - PUBLICATION, DISTRIBUTION, ETC.
Place of publication, distribution, etc. Ireland ;
Name of publisher, distributor, etc. Scholastic ,
Date of publication, distribution, etc. 2017.
300 ## - PHYSICAL DESCRIPTION
Extent 397 pages :
Dimensions 20 cm.
520 ## - SUMMARY, ETC.
Summary, etc. Lyra Belacqua and her animal daemon live half-wild and carefree amog the scholars of Jordan College, Oxford. Her destiny will take her to the frozen lands of the Artic, where witch-clans reign and ice-bears fights. And the extraordinary journey that awaits her will have immeasurable consequences far beyond her own world...
942 ## - ADDED ENTRY ELEMENTS (KOHA)
Source of classification or shelving scheme
Koha item type Books - Fiction
Holdings
Withdrawn status Lost status Source of classification or shelving scheme Damaged status Not for loan Collection code Permanent Location Current Location Shelving location Date acquired Full call number Barcode Date last seen Price effective from Koha item type
          Fiction KH8 Senior School Library KH8 Senior School Library Fiction 2025-10-27 FIC PUL 3KHSL000102469 2025-10-27 2025-10-27 Books - Fiction

Powered By KH8 IT Dept